Americké velkopodniky: výkonný lis na zisky

Veľké podniky sa stávajú príkladom výkonnosti, úspornosti, návratnosti vloženého kapitálu. Príčiny úspešnosti priemyslových veľkopodnikov. Stratégia najnižších nákladov. Ťažisko konkurencie sa presúva od diverzifikácie výrobkov k minimalizácii nákladovosti. Porovnanie stratégie amerických veľkopodni...

Descrizione completa

Salvato in:
Dettagli Bibliografici
Autore principale: Jirásek, J.
Natura: Capitolo di libro
Lingua:ceco
Soggetti:
Tags: Aggiungi Tag
Nessun Tag, puoi essere il primo ad aggiungerne!!

MARC

LEADER 00000naa a2200000 4500
001 r027623
005 20230922084925.1
041 0 |a cze 
044 |a CZ 
245 1 0 |a Americké velkopodniky: výkonný lis na zisky  |c J. Jirásek 
520 |a Veľké podniky sa stávajú príkladom výkonnosti, úspornosti, návratnosti vloženého kapitálu. Príčiny úspešnosti priemyslových veľkopodnikov. Stratégia najnižších nákladov. Ťažisko konkurencie sa presúva od diverzifikácie výrobkov k minimalizácii nákladovosti. Porovnanie stratégie amerických veľkopodnikov s českými. 
610 2 0 |a podnik veľký 
610 2 0 |a USA 
610 2 0 |a stratégia podniková 
610 2 0 |a zisk 
610 2 0 |a príjmy 
610 2 0 |a výnosy podnikové 
610 2 0 |a technológie nové 
610 2 0 |a hodnota podniku 
100 1 |a Jirásek, J.